Statistiques concernant 100 personnages de Once Upon A Time

Cliquez ici pour prendre le quiz!

Statistiques générales

  • Ce quiz a été pris 2 680 fois
  • Le résultat moyen est 42 sur 100

Statistiques - réponses

Réponse% Correct
1Emma Swan
98%
3Mary-Margaret Blanchard/Blanche-Neige
97%
5Regina Mills/La méchante Reine
97%
4David Nolan/Le Prince Charmant
95%
2Henry Mills
95%
8Killian Jones
93%
7Belle/Belle French
92%
6M. Gold/Rumplestilskin
92%
32Ashley Boyd/Cendrillon
89%
20Malcolm/Peter Pan
85%
23Anna
79%
22Elsa
78%
9Zelena/La méchante Sorcière de l'Ouest
78%
21Robin des Bois
76%
88Aurore
74%
15Leroy/Grincheux
74%
29Maléfique
72%
85Mulan
72%
10Ruby/Scarlett
72%
86Ariel
71%
16Cora
70%
27Cruella De Vil
70%
28Ursula
66%
12Archibald Hopper/Jiminy Cricket
65%
11Granny/Mère Lucas
64%
18Neal Cassidy/ Baelfire
63%
30August Booth/Pinocchio
62%
55Fée Clochette
60%
50Prof
58%
48M.Clark/Atchoum
57%
47Walter/Dormeur
57%
14Mère Supérieure/Fée Bleue
56%
49Simplet
55%
38Aladdin
54%
40Prince Neal
54%
17Hadès
53%
25Roi Arthur
53%
98Edmont Dantès/Le Comte de Monte-Cristo
52%
37Jasmine
52%
13Graham Humbert/Le Chasseur
51%
52Joyeux
51%
87Philip
49%
31Marco/Gepetto
47%
62Billy/Gus
46%
51Timide
46%
24Merlin
44%
90Jefferson/Le Chapelier Fou
43%
41Fiona/Fée Noire
41%
78Sydney Glass/Miroir Magique
41%
56Mérida
39%
73Marianne
38%
81Ingrid
36%
53Prince James
36%
66Wendy Darling
35%
36Jafar
34%
63Lancelot
32%
61Hercule
30%
76Apprenti Sorcier
26%
26Dr Whale/Victor Frankeinstein
26%
70Dorothy Gale
25%
80Kristoff
25%
100Albert Spencer/Roi George
24%
83Isaac Heller
24%
68Mr Hyde
24%
94Tamara
24%
84Guenièvre
23%
89Daniel Colter
22%
74Roland
22%
59Walsh/Magicien d'Oz
22%
43Kathryn Nolan/Princesse Abigail
21%
65Reine Eva
21%
42Roi Midas
21%
35Henry Mills Sr
20%
46Violette Morgan
20%
60Milah
19%
69Felix
18%
82Zeus
18%
67Dr Jekyll
17%
71Fée Nova
17%
64Roi Leopold
17%
93Greg Mendel
16%
92Nimue
16%
44Capitaine Nemo
14%
45Liam Jones Jr
14%
39Moe French/Roi Maurice
13%
96Barbe Noire
12%
57Madame de Trémaine
12%
54Anton
10%
77Brennan Jones
10%
19Gédéon
9%
99Glinda
9%
95Grace/Page
9%
34Ruth
8%
75Sorcière aveugle
6%
72Anita
5%
91Frère Tuck
5%
79Gerhardt Frankeinstein
5%
58Clorinda
4%
33Jaqueline
4%
97Johanna
4%

Distribution des résultats

Percentile par nombre de réponses

% des personnes avec chaque résultat

Votre développement - résultats

Vous n’avez pas pris ce quiz